[Event "ESP-ch Universities"]
[Site "Madrid"]
[Date "2008.05.09"]
[Round "4"]
[White "Romero Lopez, Marta"]
[Black "Moya Hernandez, Alvaro"]
[Result "1/2-1/2"]
[WhiteElo "2018"]
[BlackElo "1809"]
[PlyCount "61"]
[EventDate "2008.05.08"]
[EventType "swiss"]
[EventRounds "9"]
[EventCountry "ESP"]
[SourceTitle "CBM 124 Extra"]
[Source "ChessBase"]
[SourceDate "2008.07.03"]
[SourceVersion "1"]
[SourceVersionDate "2008.07.03"]
[SourceQuality "1"]

1. d4 Nf6 2. Nf3 g6 3. Nc3 Bg7 4. e4 d6 5. Be3 c6 6. h3 Qc7 7. a4 e5 8. dxe5 dxe5 9. Bc4 0-0 10. Qe2 Nbd7 11. a5 Re8 12. Ng5 Rf8 13. 0-0 h6 14. Nf3 Re8 15. Nh4 Nf8 16. Qd2 Rd8 17. Qc1 Kh7 18. f4 Ne6 19. Bxe6 Bxe6 20. f5 Bc4 21. fxg6+ fxg6 22. Rf3 Rf8 23. Bc5 Rg8 24. Rg3 Bf8 25. Qe3 Nd7 26. Bxf8 Nxf8 27. Qc5 Be6 28. Rf1 b6 29. axb6 axb6 30. Qe3 Nd7 31. Kh2 1/2-1/2

[Event "ESP-ch U18"]
[Site "Linares"]
[Date "2007.08.03"]
[Round "8"]
[White "Rubio Mejia, Luis Ignacio"]
[Black "Romero Lopez, Marta"]
[Result "1-0"]
[WhiteElo "2270"]
[BlackElo "2004"]
[PlyCount "119"]
[EventDate "2007.07.29"]
[EventType "swiss"]
[EventRounds "9"]
[EventCountry "ESP"]
[SourceTitle "EXT 2008"]
[Source "ChessBase"]
[SourceDate "2007.11.25"]
[SourceVersion "1"]
[SourceVersionDate "2007.11.25"]
[SourceQuality "1"]

1. d4 d5 2. c4 c6 3. Nf3 Bf5 4. Nc3 e6 5. Qb3 Qc8 6. Nh4 Bg6 7. Nxg6 hxg6 8. Bf4 Nf6 9. Rc1 dxc4 10. Qxc4 Qd8 11. e4 Nbd7 12. Rd1 Qa5 13. e5 Nd5 14. Bd2 N7b6 15. Qb3 Qb4 16. Qxb4 Bxb4 17. Ne4 Be7 18. Bd3 0-0-0 19. Bc1 Nb4 20. Bb1 N4d5 21. Ke2 Nc7 22. b3 Nb5 23. Bb2 Nd5 24. a4 Nbc7 25. h4 Kb8 26. g3 Na6 27. f4 Nac7 28. Rhf1 Bb4 29. Rf3 Rd7 30. Rh1 Be7 31. Ng5 Rf8 32. h5 gxh5 33. Rxh5 g6 34. Rh7 f6 35. exf6 Rxf6 36. Rh8+ Rf8 37. Rxf8+ Bxf8 38. Bxg6 Be7 39. Nf7 Bf6 40. Ne5 Rd8 41. Kf2 Ne7 42. Be4 Nf5 43. Rd3 Kc8 44. g4 Nd6 45. Bf3 Nd5 46. Kg3 Rh8 47. Bc1 Bh4+ 48. Kg2 Nb4 49. Rd1 Bf6 50. Ba3 Nc2 51. Bxd6 Ne3+ 52. Kg1 Nxd1 53. Bxd1 Rh3 54. g5 Bxe5 55. Bxe5 Kd7 56. Kf2 Ke7 57. g6 Rd3 58. g7 Kf7 59. Bh5+ Kg8 60. Bg4 1-0

[Event "ESP-ch U18"]
[Site "Linares"]
[Date "2007.08.01"]
[Round "6"]
[White "Salido Polo, Veronica"]
[Black "Romero Lopez, Marta"]
[Result "0-1"]
[WhiteElo "1753"]
[BlackElo "2004"]
[PlyCount "112"]
[EventDate "2007.07.29"]
[EventType "swiss"]
[EventRounds "9"]
[EventCountry "ESP"]
[SourceTitle "EXT 2008"]
[Source "ChessBase"]
[SourceDate "2007.11.25"]
[SourceVersion "1"]
[SourceVersionDate "2007.11.25"]
[SourceQuality "1"]

1. e4 d5 2. exd5 Qxd5 3. Nc3 Qa5 4. d4 Nf6 5. Nf3 Bg4 6. Bd2 c6 7. Bc4 Qc7 8. 0-0 e6 9. Qe2 Nbd7 10. a4 Nb6 11. Bb3 0-0-0 12. a5 Nbd5 13. Nxd5 exd5 14. a6 b6 15. Qd3 Bd6 16. h3 Bh5 17. c4 Bg6 18. Qc3 Ne4 19. Qc1 Nxd2 20. Qxd2 Bf4 21. Qc3 dxc4 22. Bxc4 f6 23. Rfe1 Rhe8 24. Be6+ Kb8 25. Rad1 Rd6 26. Bb3 Rxe1+ 27. Rxe1 Qc8 28. Re7 Qxa6 29. Rxg7 Qa1+ 30. Ne1 Qc1 31. Rg8+ Kc7 32. Rg7+ Rd7 33. Rxd7+ Kxd7 34. Kf1 Bd2 35. Qxc1 Bxc1 36. Bc2 Bxb2 37. Bxg6 hxg6 38. Nc2 a5 39. Ke2 b5 40. Kd3 Kd6 41. g4 Bc1 42. Kc3 Kd5 43. h4 Ke4 44. Ne3 Ba3 45. h5 gxh5 46. gxh5 Bb4+ 47. Kb3 f5 48. h6 Bf8 49. h7 Bg7 50. Ng2 Kxd4 51. Nh4 Ke5 52. h8Q Bxh8 53. Ng6+ Kf6 54. Nxh8 Kg7 55. Kc3 Kxh8 56. Kd4 a4 0-1

[Event "ESP-ch U18"]
[Site "Linares"]
[Date "2007.07.31"]
[Round "4"]
[White "Ramon Losada, David"]
[Black "Romero Lopez, Marta"]
[Result "0-1"]
[WhiteElo "1869"]
[BlackElo "2004"]
[PlyCount "76"]
[EventDate "2007.07.29"]
[EventType "swiss"]
[EventRounds "9"]
[EventCountry "ESP"]
[SourceTitle "EXT 2008"]
[Source "ChessBase"]
[SourceDate "2007.11.25"]
[SourceVersion "1"]
[SourceVersionDate "2007.11.25"]
[SourceQuality "1"]

1. e4 e6 2. d4 d5 3. Nc3 Nf6 4. e5 Nfd7 5. f4 c5 6. Nf3 a6 7. Be3 Nc6 8. Qd2 cxd4 9. Nxd4 Bc5 10. 0-0-0 0-0 11. h4 Nxd4 12. Bxd4 b5 13. Rh3 Qc7 14. h5 Nb6 15. h6 g6 16. Bxc5 Qxc5 17. f5 exf5 18. Qg5 Qc6 19. Rhd3 Bb7 20. Nxd5 Nxd5 21. Rxd5 Rac8 22. R5d2 Qe6 23. Rd8 Qxa2 24. Rxf8+ Rxf8 25. Rd6 Qa1+ 26. Kd2 Qxf1 27. g3 Qf2+ 28. Kc1 Qe1+ 29. Rd1 Qxe5 30. Rd8 f6 31. Qd2 Rxd8 32. Qxd8+ Kf7 33. b3 Qe7 34. Qb6 g5 35. Qf2 Kg6 36. Qb6 b4 37. Qa7 Qc7 38. Qf2 Be4 0-1

[Event "Seville op 32nd"]
[Site "Seville"]
[Date "2007.01.10"]
[Round "4"]
[White "Romero Lopez, Marta"]
[Black "Gonzalez Galvan, Juan Manuel"]
[Result "0-1"]
[WhiteElo "1973"]
[BlackElo "2294"]
[PlyCount "126"]
[EventDate "2007.01.07"]
[EventType "swiss"]
[EventRounds "9"]
[EventCountry "ESP"]
[SourceTitle "CBM 116 Extra"]
[Source "ChessBase"]
[SourceDate "2007.03.07"]
[SourceVersion "1"]
[SourceVersionDate "2007.03.07"]
[SourceQuality "1"]

1. e4 c5 2. d3 g6 3. g3 d5 4. Nc3 dxe4 5. Nxe4 Bg7 6. Bg2 Nf6 7. Ne2 Nxe4 8. Bxe4 Nc6 9. Bg2 h5 10. h3 Bf5 11. Nc3 c4 12. dxc4 Nd4 13. Be4 Qa5 14. 0-0 Bxe4 15. Nxe4 Qf5 16. c3 Nc6 17. Qe2 Qxh3 18. Ng5 Qf5 19. Qf3 Qxf3 20. Nxf3 Na5 21. b3 Bxc3 22. Rb1 Rd8 23. Bb2 Bxb2 24. Rxb2 f6 25. Re2 Kf7 26. Rfe1 e5 27. Kg2 Nc6 28. Rb2 Rhe8 29. Nd2 Re7 30. Nf1 Red7 31. Ree2 Nb4 32. Ne3 h4 33. a3 Nd3 34. Rb1 hxg3 35. fxg3 Rh8 36. Nd5 f5 37. Rf1 Ke6 38. Re3 Rdh7 39. Rxd3 Rh2+ 40. Kg1 Rh1+ 41. Kf2 R1h2+ 42. Ke1 Rb2 43. b4 Rhh2 44. a4 e4 45. Nf4+ Kf7 46. Rd7+ Ke8 47. Rd4 e3 48. Rd3 Kf7 49. Rd5 e2 50. Nxe2 Rbxe2+ 51. Kd1 Ra2 52. Ke1 Rxa4 53. g4 Rxb4 54. gxf5 Rb1+ 55. Rd1 Rxd1+ 56. Kxd1 g5 57. Rf3 Kf6 58. Ra3 a6 59. c5 Kxf5 60. c6 bxc6 61. Rxa6 g4 62. Rxc6 g3 63. Rc8 g2 0-1

[Event "ESP-ch U18"]
[Site "Banos de Montemayor"]
[Date "2006.07.08"]
[Round "1"]
[White "Romero Lopez, Marta"]
[Black "Larino Nieto, David"]
[Result "0-1"]
[WhiteElo "2014"]
[BlackElo "2371"]
[PlyCount "90"]
[EventDate "2006.07.08"]
[EventType "swiss"]
[EventRounds "9"]
[EventCountry "ESP"]
[SourceTitle "EXT 2007"]
[Source "ChessBase"]
[SourceDate "2006.11.23"]
[SourceVersion "1"]
[SourceVersionDate "2006.11.23"]
[SourceQuality "1"]

1. d4 e6 2. Nf3 Nf6 3. Bf4 c5 4. e3 Nc6 5. c3 b6 6. Nbd2 Be7 7. h3 Bb7 8. Be2 d5 9. 0-0 0-0 10. Bd3 Nd7 11. Bh2 Bf6 12. Re1 Re8 13. Bc2 e5 14. dxe5 Ndxe5 15. Nxe5 Nxe5 16. Bxe5 Rxe5 17. Nf3 Re7 18. Qd3 g6 19. Rad1 Qc7 20. Qe2 Bc6 21. Bd3 a6 22. Qc2 Qb7 23. Be2 b5 24. b4 d4 25. exd4 cxb4 26. cxb4 Rae8 27. Qd2 Kg7 28. Kf1 Bd5 29. Kg1 Re6 30. Rc1 Qe7 31. Kf1 Bxf3 32. gxf3 Qd7 33. Kg2 Rd6 34. Qc2 Bg5 35. Rcd1 Rd5 36. Bf1 Rxe1 37. Rxe1 Rxd4 38. Qc5 Rd5 39. Qb6 Bd8 40. Qe3 Qd6 41. Qc3+ Kh6 42. Rc1 Bf6 43. Qc7 Rg5+ 44. Kh1 Qd2 45. Qc6 Qxf2 0-1

[Event "ESP-chT U18"]
[Site "Madrid"]
[Date "2005.06.14"]
[Round "5.3"]
[White "Romero Lopez, Marta"]
[Black "Ramirez Rus, Esteban"]
[Result "1/2-1/2"]
[WhiteElo "2026"]
[BlackElo "2027"]
[PlyCount "47"]
[EventDate "2005.06.10"]
[EventType "team"]
[EventRounds "5"]
[EventCountry "ESP"]
[SourceTitle "CBM 106 Extra"]
[Source "ChessBase"]
[SourceDate "2005.07.01"]
[SourceVersion "1"]
[SourceVersionDate "2005.07.01"]
[SourceQuality "1"]

1. d4 d5 2. Nf3 Nf6 3. c4 e6 4. Nc3 Be7 5. Bg5 0-0 6. cxd5 exd5 7. Qc2 b6 8. e3 c6 9. Bd3 h6 10. Bh4 Nbd7 11. 0-0 Bd6 12. Rfc1 Bb7 13. a3 Re8 14. Rab1 a5 15. Bg3 Bxg3 16. hxg3 Qe7 17. Bf5 g6 18. Bd3 Kg7 19. Qe2 Ne4 20. Rc2 f5 21. Nd2 Ndf6 22. Qf1 Nxd2 23. Rxd2 Ne4 24. Rc2 1/2-1/2

[Event "ESP-chT U18"]
[Site "Madrid"]
[Date "2005.06.13"]
[Round "3.3"]
[White "Ramirez Rus, Esteban"]
[Black "Romero Lopez, Marta"]
[Result "1-0"]
[WhiteElo "2027"]
[BlackElo "2026"]
[PlyCount "59"]
[EventDate "2005.06.10"]
[EventType "team"]
[EventRounds "5"]
[EventCountry "ESP"]
[SourceTitle "CBM 106 Extra"]
[Source "ChessBase"]
[SourceDate "2005.07.01"]
[SourceVersion "1"]
[SourceVersionDate "2005.07.01"]
[SourceQuality "1"]

1. e4 e6 2. d4 d5 3. Nc3 dxe4 4. Nxe4 Bd7 5. Nf3 Bc6 6. Bd3 Nd7 7. c3 Ngf6 8. Bg5 Be7 9. Qc2 Nxe4 10. Bxe7 Qxe7 11. Bxe4 Bxe4 12. Qxe4 c6 13. Ne5 0-0 14. Nxd7 Qxd7 15. 0-0 Rad8 16. f4 Qd5 17. Qe3 Rfe8 18. b3 a5 19. Rae1 Rf8 20. Qh3 Qd6 21. Re5 Qa3 22. Rh5 h6 23. g4 Rd5 24. g5 Rfd8 25. gxh6 g6 26. Rg5 c5 27. c4 Rxd4 28. f5 Rd3 29. Qg4 R8d4 30. Rxg6+ 1-0

[Event "ESP-ch U16"]
[Site "Mondariz"]
[Date "2004.07.12"]
[Round "3"]
[White "Romero Lopez, Marta"]
[Black "Pazos Porta, Antonio"]
[Result "0-1"]
[WhiteElo "2016"]
[BlackElo "2115"]
[PlyCount "52"]
[EventDate "2004.07.11"]
[EventType "swiss"]
[EventRounds "9"]
[EventCountry "ESP"]
[SourceTitle "EXT 2005"]
[Source "ChessBase"]
[SourceDate "2004.11.15"]
[SourceVersion "1"]
[SourceVersionDate "2004.11.15"]
[SourceQuality "1"]

1. d4 Nf6 2. Nf3 g6 3. Nc3 Bg7 4. e4 d6 5. h3 0-0 6. Be3 c6 7. a4 Qa5 8. Bd3 Nbd7 9. 0-0 e5 10. dxe5 dxe5 11. Qb1 Nh5 12. b4 Qc7 13. Bc4 Nf4 14. Qb3 Nb6 15. Bc5 Nxc4 16. Bxf8 Bxf8 17. Qxc4 Be6 18. Nd5 Qd6 19. Qb3 cxd5 20. exd5 Qxd5 21. Rab1 Qxb3 22. cxb3 e4 23. Nd2 Ne2+ 24. Kh1 e3 25. Ne4 Bf5 26. Rbe1 Bxe4 0-1